| 000 | 00687nam a22002417a 4500 | ||
|---|---|---|---|
| 001 | 20606 | ||
| 003 | UA-OsUOA | ||
| 005 | 20201105151413.0 | ||
| 007 | ta | ||
| 008 | 20031101b un ||||| |||| 00| 0 ukr d | ||
| 040 |
_aUA-OsUOA _brus _cUA-OsUOA _dUA-OsUOA |
||
| 041 | _arus | ||
| 044 | _aRU | ||
| 080 | _a92 | ||
| 090 |
_a92 _bК68 |
||
| 100 | _aКоротков И.А. | ||
| 245 |
_aИван Грозный _bВоенная деятельность |
||
| 260 |
_aМосква _bВоенное издательство Военного Министерства Союза ССР _c1952 |
||
| 300 |
_a88 с. _bІлюстрації |
||
| 650 | 7 | _2UDC | |
| 942 |
_cBK _2udc |
||
| 955 | _a1 | ||
| 999 |
_c306786 _d306786 |
||